00346nam a2200133Ia 450000500170000000800410001702000150005808200130007310000190008624500290010526000470013430000130018165000180019420241009014952.0240331s9999 xx 000 0 und d a9555720037 bSENa820 aSeneviratne, M 0a Nights of the Dark Moon aColombobSwastika ( Private) Limitedc1995 a210 p ., aShort Stories